| 000 | 00480nam a2200181Ia 4500 | ||
|---|---|---|---|
| 005 | 20251020182553.0 | ||
| 008 | 200515s9999 xx 000 0 und d | ||
| 082 | _aR/65.453/W82 | ||
| 100 | _aWOLVERTON, Van | ||
| 245 | 2 | _aA toda potencia MS DOS : Guía Anaya Multimedia-Microsoft para conseguir altas prestaciones del MS-DOS | |
| 260 | _aMadrid | ||
| 260 | _c1986 | ||
| 300 | _a352 | ||
| 650 | _aLIB | ||
| 650 | _aMS DOS | ||
| 650 | _aSOFTWARE DE APLICACION | ||
| 942 | _cLIB | ||
| 999 |
_c2795 _d2795 |
||